000
00261nam a2200109 a 4500
001
4140
005
20140414131959.0
008
090218s19uu xx 00 eng d
050
_a
TR 372.4
_b
M31 2003
245
_a
Manuscript writing. Grades K-2.
999
_c
113018
_d
113018